000 00593 a2200169 4500
999 _c7372
_d7372
020 _a9780195216035
050 _aHC79 VOI 2002
100 _aNarayan, Deepa
_eeditor
245 _aVoices of the poor from many lands /
_cDeepa Narayan & Patti Petesch
264 _aWashington, D. C. :
_bA copublication of Oxford University Press and the World Bank,
_c2002.
300 _a509p. :
500 _a"World Bank"--Cover Includes bibliographical references
650 _aPoor -- Case studies
650 _aPoverty -- Case studies
700 _aPetesch, Patti
_eeditor
942 _2lcc
_cBK
_h79
_iVOI
_kHC